000 00475nam a2200157Ia 4500
008 241217s9999||||xx |||||||||||||| ||und||
020 _a9780201537710
_c56.6
040 _beng
_cSSK Library
_erda
082 _a005.7401/ABI
100 _a Serge Abiteboul, Richard Hull & Victor Vianu -
245 0 _aFoundations Of Databases
260 _b Addison-Wesley Publishing Company
_c©1995
942 _2Dewey Decimal Classification
_cBOOK
_nNo
999 _c25666
_d25666
003 OSt
005 20241217112955.0